<?xml version="1.0" encoding="UTF-8"?>
<record
    xmlns:xsi="http://www.w3.org/2001/XMLSchema-instance"
    xsi:schemaLocation="http://www.loc.gov/MARC21/slim http://www.loc.gov/standards/marcxml/schema/MARC21slim.xsd"
    xmlns="http://www.loc.gov/MARC21/slim">

  <leader>01248nam a22003137a 4500</leader>
  <controlfield tag="005">20150124123407.0</controlfield>
  <controlfield tag="008">120423t sp ||||| |||| 00| 0 spa d</controlfield>
  <datafield tag="020" ind1=" " ind2=" ">
    <subfield code="a">8479050985 (O.C)</subfield>
  </datafield>
  <datafield tag="020" ind1=" " ind2=" ">
    <subfield code="a">8479050861 (Tomo 1)</subfield>
  </datafield>
  <datafield tag="020" ind1=" " ind2=" ">
    <subfield code="a">847905087X (Tomo 2)</subfield>
  </datafield>
  <datafield tag="020" ind1=" " ind2=" ">
    <subfield code="a">8479050888 (Tomo III)</subfield>
  </datafield>
  <datafield tag="020" ind1=" " ind2=" ">
    <subfield code="a">8479050896 (Tomo IV)</subfield>
  </datafield>
  <datafield tag="020" ind1=" " ind2=" ">
    <subfield code="a">847905090X (Tomo V)</subfield>
  </datafield>
  <datafield tag="020" ind1=" " ind2=" ">
    <subfield code="a">8479050918 (Tomo VI)</subfield>
  </datafield>
  <datafield tag="020" ind1=" " ind2=" ">
    <subfield code="a">8479050926 (Too VII)</subfield>
  </datafield>
  <datafield tag="020" ind1=" " ind2=" ">
    <subfield code="a">8479050934 (Tomo VIII)</subfield>
  </datafield>
  <datafield tag="020" ind1=" " ind2=" ">
    <subfield code="a">8479050942 (Tomo IX)</subfield>
  </datafield>
  <datafield tag="020" ind1=" " ind2=" ">
    <subfield code="a">8479050950 (Tomo X)</subfield>
  </datafield>
  <datafield tag="020" ind1=" " ind2=" ">
    <subfield code="a">8479050969 (Tomo XI)</subfield>
  </datafield>
  <datafield tag="050" ind1="0" ind2="4">
    <subfield code="a">QL7</subfield>
    <subfield code="b">E53 1991</subfield>
  </datafield>
  <datafield tag="245" ind1="1" ind2="0">
    <subfield code="a">Enciclopedia del Mundo Animal</subfield>
  </datafield>
  <datafield tag="250" ind1=" " ind2=" ">
    <subfield code="a">1a ed.</subfield>
  </datafield>
  <datafield tag="260" ind1=" " ind2=" ">
    <subfield code="a">Navarra;Espa&#xF1;a:</subfield>
    <subfield code="b">Gruoo Libro 88,</subfield>
    <subfield code="c">1991.</subfield>
  </datafield>
  <datafield tag="300" ind1=" " ind2=" ">
    <subfield code="a">v.:</subfield>
    <subfield code="b">ills.;</subfield>
    <subfield code="c">28 cm.</subfield>
  </datafield>
  <datafield tag="505" ind1="0" ind2=" ">
    <subfield code="a">Contenido: gT.1 tMam&#xED;feros: Carnivoros-- gT.2 tMam&#xED;feros Marinos-- gT.3 tLos Primates-- gT.4 tGrandes Herb&#xED;oros-- gT.5 tPeque&#xF1;os Herb&#xED;voros-- gT.6 tInsect&#xED;v y Marsupiales-- gT.7 tAves I: De avestruz a tornillos-- gT.8 tAves II: De chorlitos a picos-- gT.9 tAves III: Paseriformes-- gT.10 tAnfibios y Reptiles.-- gT.11 tPeces. s</subfield>
  </datafield>
  <datafield tag="650" ind1="7" ind2=" ">
    <subfield code="2">LEMB</subfield>
    <subfield code="a">Enciclopedias y Diccionarios</subfield>
    <subfield code="x">Enciclopedias</subfield>
  </datafield>
  <datafield tag="650" ind1="7" ind2=" ">
    <subfield code="2">LEMB</subfield>
    <subfield code="a">Zoolog&#xED;a</subfield>
    <subfield code="x">Reino animal</subfield>
  </datafield>
  <datafield tag="942" ind1=" " ind2=" ">
    <subfield code="2">ddc</subfield>
    <subfield code="c">LIB</subfield>
  </datafield>
  <datafield tag="999" ind1=" " ind2=" ">
    <subfield code="c">30439</subfield>
    <subfield code="d">30439</subfield>
  </datafield>
  <datafield tag="952" ind1=" " ind2=" ">
    <subfield code="1">0</subfield>
    <subfield code="2">lcc</subfield>
    <subfield code="4">0</subfield>
    <subfield code="7">1</subfield>
    <subfield code="a">UCIH</subfield>
    <subfield code="b">UCIH</subfield>
    <subfield code="c">CONSULTA</subfield>
    <subfield code="d">2012-04-23</subfield>
    <subfield code="h">BCU000000069</subfield>
    <subfield code="k">Ciencias naturales y exactas</subfield>
    <subfield code="o">QL7 E53 1991</subfield>
    <subfield code="p">BCU000000069</subfield>
    <subfield code="r">2015-01-16 00:00:00</subfield>
    <subfield code="t">C:1 T. I</subfield>
    <subfield code="y">LIB</subfield>
  </datafield>
  <datafield tag="952" ind1=" " ind2=" ">
    <subfield code="1">0</subfield>
    <subfield code="2">lcc</subfield>
    <subfield code="4">0</subfield>
    <subfield code="7">1</subfield>
    <subfield code="a">UCIH</subfield>
    <subfield code="b">UCIH</subfield>
    <subfield code="c">CONSULTA</subfield>
    <subfield code="d">2012-04-23</subfield>
    <subfield code="h">BCU000000070</subfield>
    <subfield code="k">Ciencias naturales y exactas</subfield>
    <subfield code="o">QL7 E53 1991</subfield>
    <subfield code="p">BCU000000070</subfield>
    <subfield code="r">2015-01-16 00:00:00</subfield>
    <subfield code="t">C:1 T.II</subfield>
    <subfield code="y">LIB</subfield>
  </datafield>
  <datafield tag="952" ind1=" " ind2=" ">
    <subfield code="1">0</subfield>
    <subfield code="2">lcc</subfield>
    <subfield code="4">0</subfield>
    <subfield code="7">1</subfield>
    <subfield code="a">UCIH</subfield>
    <subfield code="b">UCIH</subfield>
    <subfield code="c">CONSULTA</subfield>
    <subfield code="d">2012-04-23</subfield>
    <subfield code="h">BCU000000071</subfield>
    <subfield code="k">Ciencias naturales y exactas</subfield>
    <subfield code="o">QL7 E53 1991</subfield>
    <subfield code="p">BCU000000071</subfield>
    <subfield code="r">2012-04-23 00:00:00</subfield>
    <subfield code="t">C:1 T. III</subfield>
    <subfield code="y">LIB</subfield>
  </datafield>
  <datafield tag="952" ind1=" " ind2=" ">
    <subfield code="1">0</subfield>
    <subfield code="2">lcc</subfield>
    <subfield code="4">0</subfield>
    <subfield code="7">1</subfield>
    <subfield code="a">UCIH</subfield>
    <subfield code="b">UCIH</subfield>
    <subfield code="c">CONSULTA</subfield>
    <subfield code="d">2012-04-23</subfield>
    <subfield code="h">BCU000000072</subfield>
    <subfield code="k">Ciencias naturales y exactas</subfield>
    <subfield code="o">QL7 E53 1991</subfield>
    <subfield code="p">BCU000000072</subfield>
    <subfield code="r">2015-01-16 00:00:00</subfield>
    <subfield code="t">C:1 T. IV</subfield>
    <subfield code="y">LIB</subfield>
  </datafield>
  <datafield tag="952" ind1=" " ind2=" ">
    <subfield code="1">0</subfield>
    <subfield code="2">lcc</subfield>
    <subfield code="4">0</subfield>
    <subfield code="7">1</subfield>
    <subfield code="a">UCIH</subfield>
    <subfield code="b">UCIH</subfield>
    <subfield code="c">CONSULTA</subfield>
    <subfield code="d">2012-04-23</subfield>
    <subfield code="h">BCU000000073</subfield>
    <subfield code="k">Ciencias naturales y exactas</subfield>
    <subfield code="o">QL7 E53 1991</subfield>
    <subfield code="p">BCU000000073</subfield>
    <subfield code="r">2015-01-16 00:00:00</subfield>
    <subfield code="t">C:1 T. V</subfield>
    <subfield code="y">LIB</subfield>
  </datafield>
  <datafield tag="952" ind1=" " ind2=" ">
    <subfield code="1">0</subfield>
    <subfield code="2">lcc</subfield>
    <subfield code="4">0</subfield>
    <subfield code="7">1</subfield>
    <subfield code="a">UCIH</subfield>
    <subfield code="b">UCIH</subfield>
    <subfield code="c">CONSULTA</subfield>
    <subfield code="d">2012-04-23</subfield>
    <subfield code="h">BCU000000074</subfield>
    <subfield code="k">Ciencias naturales y exactas</subfield>
    <subfield code="o">QL7 E53 1991</subfield>
    <subfield code="p">BCU000000074</subfield>
    <subfield code="r">2015-01-16 00:00:00</subfield>
    <subfield code="t">C:1 T. VI</subfield>
    <subfield code="y">LIB</subfield>
  </datafield>
  <datafield tag="952" ind1=" " ind2=" ">
    <subfield code="1">0</subfield>
    <subfield code="2">lcc</subfield>
    <subfield code="4">0</subfield>
    <subfield code="7">1</subfield>
    <subfield code="a">UCIH</subfield>
    <subfield code="b">UCIH</subfield>
    <subfield code="c">GENERAL</subfield>
    <subfield code="d">2012-04-23</subfield>
    <subfield code="h">BCU000000075</subfield>
    <subfield code="k">Ciencias naturales y exactas</subfield>
    <subfield code="o">QL7 E53 1991</subfield>
    <subfield code="p">BCU000000075</subfield>
    <subfield code="r">2012-04-23 00:00:00</subfield>
    <subfield code="t">C:1 T. VII</subfield>
    <subfield code="y">LIB</subfield>
  </datafield>
  <datafield tag="952" ind1=" " ind2=" ">
    <subfield code="1">0</subfield>
    <subfield code="2">lcc</subfield>
    <subfield code="4">0</subfield>
    <subfield code="7">1</subfield>
    <subfield code="a">UCIH</subfield>
    <subfield code="b">UCIH</subfield>
    <subfield code="c">CONSULTA</subfield>
    <subfield code="d">2012-04-23</subfield>
    <subfield code="h">BCU000000076</subfield>
    <subfield code="k">Ciencias naturales y exactas</subfield>
    <subfield code="o">QL7 E53 1991</subfield>
    <subfield code="p">BCU000000076</subfield>
    <subfield code="r">2012-04-23 00:00:00</subfield>
    <subfield code="t">C:1 T. VIII</subfield>
    <subfield code="y">LIB</subfield>
  </datafield>
  <datafield tag="952" ind1=" " ind2=" ">
    <subfield code="1">0</subfield>
    <subfield code="2">lcc</subfield>
    <subfield code="4">0</subfield>
    <subfield code="7">1</subfield>
    <subfield code="a">UCIH</subfield>
    <subfield code="b">UCIH</subfield>
    <subfield code="c">CONSULTA</subfield>
    <subfield code="d">2012-04-23</subfield>
    <subfield code="h">BCU000000077</subfield>
    <subfield code="k">Ciencias naturales y exactas</subfield>
    <subfield code="o">QL7 E53 1991</subfield>
    <subfield code="p">BCU000000077</subfield>
    <subfield code="r">2015-01-16 00:00:00</subfield>
    <subfield code="t">C.1 T. IX</subfield>
    <subfield code="y">LIB</subfield>
  </datafield>
  <datafield tag="952" ind1=" " ind2=" ">
    <subfield code="1">0</subfield>
    <subfield code="2">lcc</subfield>
    <subfield code="4">0</subfield>
    <subfield code="7">1</subfield>
    <subfield code="a">UCIH</subfield>
    <subfield code="b">UCIH</subfield>
    <subfield code="c">CONSULTA</subfield>
    <subfield code="d">2012-04-23</subfield>
    <subfield code="h">BCU000000078</subfield>
    <subfield code="k">Ciencias naturales y exactas</subfield>
    <subfield code="o">QL7 E53 1991</subfield>
    <subfield code="p">BCU000000078</subfield>
    <subfield code="r">2012-04-23 00:00:00</subfield>
    <subfield code="t">C:1 T. X</subfield>
    <subfield code="y">LIB</subfield>
  </datafield>
  <datafield tag="952" ind1=" " ind2=" ">
    <subfield code="1">0</subfield>
    <subfield code="2">lcc</subfield>
    <subfield code="4">0</subfield>
    <subfield code="7">1</subfield>
    <subfield code="a">UCIH</subfield>
    <subfield code="b">UCIH</subfield>
    <subfield code="c">CONSULTA</subfield>
    <subfield code="d">2012-04-23</subfield>
    <subfield code="h">BCU000000079</subfield>
    <subfield code="k">Ciencias naturales y exactas</subfield>
    <subfield code="o">QL7 E53 1991</subfield>
    <subfield code="p">BCU000000079</subfield>
    <subfield code="r">2015-01-16 00:00:00</subfield>
    <subfield code="t">C:1 T. XI</subfield>
    <subfield code="y">LIB</subfield>
  </datafield>
</record>
